Διαχείριση απορριμμάτων, τα 3R's: Reduce, Reuse, Recycle : ένα διαθεματικό Project για την Ε' τάξη του δημοτικού σχολείου : διπλωματική εργασία [μεταπτυχιακή εργασία]
Αποθηκεύτηκε σε:
| Κύριος συγγραφέας: | |
|---|---|
| Συγγραφή απο Οργανισμό/Αρχή: | |
| Άλλοι συγγραφείς: | |
| Μορφή: | Thesis Βιβλίο |
| Γλώσσα: | Greek |
| Δημοσίευση: |
2011
|
| Θέματα: | |
| Διαθέσιμο Online: | http://hdl.handle.net/11610/15957 |
| Ετικέτες: |
Προσθήκη ετικέτας
Δεν υπάρχουν, Καταχωρήστε ετικέτα πρώτοι!
|
MARC
| LEADER | 00000cam a2200000 i 4500 | ||
|---|---|---|---|
| 001 | 1/18097 | ||
| 008 | 120224s2011 gre d | ||
| 035 | |l 10111952 | ||
| 040 | |a GR-MY-UA |b gre |e aacr | ||
| 041 | 0 | |a gre | |
| 082 | 0 | |a 363.7285 |2 (22) | |
| 100 | 1 | |a Παπαϊωάννου, Υακίνθη-Σωτηρία. | |
| 245 | 1 | 0 | |a Διαχείριση απορριμμάτων, τα 3R's: Reduce, Reuse, Recycle : |b ένα διαθεματικό Project για την Ε' τάξη του δημοτικού σχολείου : διπλωματική εργασία [μεταπτυχιακή εργασία] / |c Παπαϊωάννου Υακίνθη-Σωτηρία ; επιβλέπουσα: Καϊλα Μαρία |
| 260 | |c 2011 | ||
| 300 | |a 227 σ.; |b πιν.; |c 30 εκ. | ||
| 500 | |a Μέλη εξεταστικής επιτροπής: Θεοδωροπούλου Έλενα, Δημητρίου Αναστασία | ||
| 502 | |a Διατριβή (μεταπτυχιακή) – Πανεπιστήμιο Αιγαίου, Ρόδος, 2011. | ||
| 504 | |a Βιβλιογραφία: σ. 199-213 | ||
| 650 | 0 | 0 | |a Environmental education |z Greece. |
| 650 | 0 | 0 | |a Refuse and refuse disposal |x Management. |
| 650 | 0 | 0 | |a Recycling (Waste, etc.) |
| 650 | 0 | 0 | |a Project method in teaching. |
| 650 | 0 | 0 | |a Dissertations, Academic |z Greece. |
| 700 | 1 | |4 ths |a Καΐλα, Μαρία Α. | |
| 710 | 2 | |a Πανεπιστήμιο Αιγαίου |b Σχολή Ανθρωπιστικών Επιστημών |b Τμήμα Επιστημών της Προσχολικής Αγωγής και του Εκπαιδευτικού Σχεδιασμού |b Πρόγραμμα Μεταπτυχιακών Σπουδών Περιβαλλοντική Εκπαίδευση. | |
| 852 | |a INST |b RHODES |c DIATR |e 20120224 |h 363.7285 ΠΑΠ |p 005400034106 |q 005400034106 |t MTXE |y 23 | ||
| 852 | |a INST |b RHODES |c DIATR |e 20120224 |h 363.7285 ΠΑΠ |p 005400034107 |q 005400034107 |t MTXE |y 23 | ||
| 856 | |u http://hdl.handle.net/11610/15957 | ||
| 901 | |a BIBL4-2012-1 | ||
| 909 | |a Ρ |b 170758 | ||
| 909 | |a Ρ |b 170759 | ||
| 924 | |a ΠΑΠΑΪΩΑΝΝΟΥ |b ΥΑΚΙΝΘΗ-ΣΩΤΗΡΙΑ |y ΡΟΔΟΣ |z 2011 | ||
| 970 | |z 2012/02/24 | ||